000 01099nam a22002177a 4500
005 20230828145933.0
010 _a B-755639 CHHN23.8.23
020 _a9788190483636
_c395.00
035 _aB-755639
037 _bकैटरपिल्लर पब्लिशर्स
082 _a
100 _aप्रकाश मनु
_955436
245 _aअद्भुत कहानियाँ ज्ञान-विज्ञान की /
_cप्रकाश मनु
260 _aदिल्ली
_bकैटरपिल्लर पब्लिशर्स
_c2023
270 _a1376, द्वितीय तल, कश्मीरी गेट
_bदिल्ली
_e110006
300 _a112पृ.
_c22सेमी (सजिल्द)
_bसचित्र
600 _aसहस्त्रार्जुन
_955437
600 _aSahastrarjun
_955438
942 _2ddc
_cCH
_mप्रकाश
_h
999 _c197603
_d197603